Language family by dead languages - Statistics

General Stats
  • This quiz has been taken 107 times
  • The average score is 8 of 12
Answer Stats
Dead languages Answer % Correct
Manx Celtic
96%
Gaulish Celtic
83%
Crimean Gothic Germanic
82%
Sanskrit Indo-Aryan
82%
Old Prussian Baltic
73%
Ancient Macedonian Hellenic
71%
Coptic Egyptian
70%
Old Aramaic Semitic
69%
Livonian Uralic
61%
Parthian Indo-Iranic
56%
Manchu Tungusic
49%
Scythian Indo-Iranic
43%
No matching quizzes found
Score Distribution
Percent of People with Each Score
Percentile by Number Answered
Your Score History
You have not taken this quiz